<?xml version="1.0" encoding="UTF-8"?><?xml-stylesheet type="text/xsl" href="static/style.xsl"?><OAI-PMH xmlns="http://www.openarchives.org/OAI/2.0/" xmlns:xsi="http://www.w3.org/2001/XMLSchema-instance" xsi:schemaLocation="http://www.openarchives.org/OAI/2.0/ http://www.openarchives.org/OAI/2.0/OAI-PMH.xsd"><responseDate>2026-04-13T05:41:45Z</responseDate><request verb="GetRecord" identifier="oai:www.recercat.cat:20.500.14342/990" metadataPrefix="marc">https://recercat.cat/oai/request</request><GetRecord><record><header><identifier>oai:recercat.cat:20.500.14342/990</identifier><datestamp>2025-05-28T23:43:42Z</datestamp><setSpec>com_2072_482405</setSpec><setSpec>com_2072_183628</setSpec><setSpec>col_2072_482414</setSpec></header><metadata><record xmlns="http://www.loc.gov/MARC21/slim" xmlns:dcterms="http://purl.org/dc/terms/" xmlns:xsi="http://www.w3.org/2001/XMLSchema-instance" xmlns:doc="http://www.lyncode.com/xoai" xsi:schemaLocation="http://www.loc.gov/MARC21/slim http://www.loc.gov/standards/marcxml/schema/MARC21slim.xsd">
   <leader>00925njm 22002777a 4500</leader>
   <datafield ind2=" " ind1=" " tag="042">
      <subfield code="a">dc</subfield>
   </datafield>
   <datafield ind2=" " ind1=" " tag="720">
      <subfield code="a">Martinez-Blasco, Monica</subfield>
      <subfield code="e">author</subfield>
   </datafield>
   <datafield ind2=" " ind1=" " tag="720">
      <subfield code="a">Garcia-Blandon, Josep</subfield>
      <subfield code="e">author</subfield>
   </datafield>
   <datafield ind2=" " ind1=" " tag="720">
      <subfield code="a">Vivas Crisol, Laura</subfield>
      <subfield code="e">author</subfield>
   </datafield>
   <datafield ind2=" " ind1=" " tag="260">
      <subfield code="c">2015-04</subfield>
   </datafield>
   <datafield ind2=" " ind1=" " tag="520">
      <subfield code="a">Este trabajo analiza el contenido informativo de la presentación de informes de auditoría con salvedadesen las empresas cotizadas espa˜nolas tras el número creciente de medidas acometidas para incrementarla independencia y la competencia del auditor. Estudios previos que han analizado ámbitos temporalesanteriores a los del presente trabajo han mostrado que el mercado espa˜nol no reacciona ante la pre-sentación de un informe calificado, por lo que se puede decir que carecían de contenido informativorelevante. Se entiende que los cambios introducidos, de haber alcanzado su finalidad, deberían favorecerun aumento del contenido informativo de los informes calificados. Para analizar si los inversores consi-deran la información ofrecida por los auditores como una herramienta útil para la toma de decisiones,se ha analizado el efecto de la presentación del informe sobre el precio de la acción y el volumen denegociación, conjuntamente. Los resultados muestran un ligero incremento en el contenido informativodel informe de auditoría con salvedades en Espa˜na tras las medidas adoptadas, y una utilidad indiscutibledel informe para los inversores de aquellas empresas que cuentan con un capital flotante alto.</subfield>
   </datafield>
   <datafield ind2=" " ind1=" " tag="520">
      <subfield code="a">This paper analyzes the information content of a qualified audit report for Spanish listed companies. Theincreasing number of measures to assure auditor competence and independence justifies a review ofthe previous results. Prior studies analyzing various time frames show that the Spanish market does notreact to the presentation of a qualified report, due to a lack of relevant content. If the changes introducedhave achieved its purpose, we should see an increase in the information content of qualified reports. Inorder to analyze whether investors consider that information provided by the auditors as a useful toolfor investment decisions, the effect of the report on the share price and trading volume was studied.Our results show a slight increase in the information content of qualified audit reports in Spain after theadopted measures, and the report is of indisputable use for investors in these companies that have a highfree float capital.</subfield>
   </datafield>
   <datafield ind1="8" ind2=" " tag="024">
      <subfield code="a">http://hdl.handle.net/20.500.14342/990</subfield>
   </datafield>
   <datafield ind1="8" ind2=" " tag="024">
      <subfield code="a">https://doi.org/10.1016/j.rcsar.2015.01.005</subfield>
   </datafield>
   <datafield tag="653" ind2=" " ind1=" ">
      <subfield code="a">Auditoria</subfield>
   </datafield>
   <datafield tag="653" ind2=" " ind1=" ">
      <subfield code="a">Auditoria d'informació</subfield>
   </datafield>
   <datafield tag="653" ind2=" " ind1=" ">
      <subfield code="a">Informe de auditoría</subfield>
   </datafield>
   <datafield tag="653" ind2=" " ind1=" ">
      <subfield code="a">Salvedades</subfield>
   </datafield>
   <datafield tag="653" ind2=" " ind1=" ">
      <subfield code="a">Contenido informativo</subfield>
   </datafield>
   <datafield tag="653" ind2=" " ind1=" ">
      <subfield code="a">Estudio de eventos</subfield>
   </datafield>
   <datafield tag="653" ind2=" " ind1=" ">
      <subfield code="a">Audit report</subfield>
   </datafield>
   <datafield tag="653" ind2=" " ind1=" ">
      <subfield code="a">Qualified report</subfield>
   </datafield>
   <datafield tag="653" ind2=" " ind1=" ">
      <subfield code="a">Information content</subfield>
   </datafield>
   <datafield tag="653" ind2=" " ind1=" ">
      <subfield code="a">Event studies</subfield>
   </datafield>
   <datafield ind2="0" ind1="0" tag="245">
      <subfield code="a">El informe de auditoría con salvedades: ¿una mayor independencia y competencia del auditor aumenta su contenido informativo?</subfield>
   </datafield>
</record></metadata></record></GetRecord></OAI-PMH>